History of the church : (Record no. 10373)
[ view plain ]
| 000 -LEADER | |
|---|---|
| fixed length control field | 02493nam a22002297a 4500 |
| 003 - CONTROL NUMBER IDENTIFIER | |
| control field | GBCCL |
| 005 - DATE AND TIME OF LATEST TRANSACTION | |
| control field | 20241126110731.0 |
| 008 - FIXED-LENGTH DATA ELEMENTS--GENERAL INFORMATION | |
| fixed length control field | 240701b ||||| |||| 00| 0 eng d |
| 020 ## - INTERNATIONAL STANDARD BOOK NUMBER | |
| International Standard Book Number | 9781637162521 |
| 020 ## - INTERNATIONAL STANDARD BOOK NUMBER | |
| International Standard Book Number | 1637162529 |
| 040 ## - CATALOGING SOURCE | |
| Transcribing agency | gbc |
| 082 ## - DEWEY DECIMAL CLASSIFICATION NUMBER | |
| Classification number | 270 |
| Item number | CAP |
| 110 ## - MAIN ENTRY--CORPORATE NAME | |
| Corporate name or jurisdiction name as entry element | Captivating History (Firm) |
| 9 (RLIN) | 17981 |
| 245 ## - TITLE STATEMENT | |
| Title | History of the church : |
| Remainder of title | a captivating guide to the history of the Christian Church and events such as the Crusades, missionary journeys of Paul, conversion of Constantine, and Reformation |
| 260 ## - PUBLICATION, DISTRIBUTION, ETC. | |
| Place of publication, distribution, etc. | [Place of publication not identified], |
| Name of publisher, distributor, etc. | Captivating History, |
| Date of publication, distribution, etc. | 2021 |
| 300 ## - PHYSICAL DESCRIPTION | |
| Extent | 192 pages |
| Other physical details | illustrations |
| Dimensions | 24 cm |
| 505 ## - FORMATTED CONTENTS NOTE | |
| Formatted contents note | "Contains 2 manuscripts in one book: Church History: A Captivating Guide to the History of the Christian Church, Including Events of the Crusades, the Missionary Journeys of Paul, the Conversion of Constantine, and more; The Reformation: A Captivating Guide to the Religious Revolution Sparked by Martin Luther and Its Impact on Christianity and the Western Church. From its modest beginnings in the Near East, the Christian Church evolved to be one of the major social institutions of the world. It began with a handful of followers of Jesus Christ, and today, the number of Christians is around 2.5 billion. The growth of the Christian Church is one of the most remarkable events in human history. Generations of historians have marveled at the development of the Christian Church. It began as a modest undertaking by Christ's disciples and appears today as a multi-faceted global enterprise comprising some 30,000 Christian denominations. All of these offer unique understandings of the life of Christ and how the story of his life should be brought to the unbelieving peoples of the world. Much of the Christian Church's history may seem to be of minor importance, such as theological debates in the Middle Ages over the true nature of Christ. However, every dispute and controversy played a critical role in the shifts in Christian beliefs and their expression in organized churches. The story told in this book, recounted in everyday language, deals head-on with some of the most divisive ideas in humanity's history. For it is religion that is at the heart of secular society's organization today, whether it is to separate church and state or to combine the two"--Amazon.com |
| 650 ## - SUBJECT ADDED ENTRY--TOPICAL TERM | |
| Topical term or geographic name entry element | Christianity |
| 9 (RLIN) | 479 |
| 650 ## - SUBJECT ADDED ENTRY--TOPICAL TERM | |
| Topical term or geographic name entry element | Christianity |
| Form subdivision | History |
| 9 (RLIN) | 17982 |
| 650 ## - SUBJECT ADDED ENTRY--TOPICAL TERM | |
| Topical term or geographic name entry element | Church history |
| 9 (RLIN) | 117 |
| 942 ## - ADDED ENTRY ELEMENTS (KOHA) | |
| Source of classification or shelving scheme | Dewey Decimal Classification |
| Koha item type | Books |
| Koha issues (borrowed), all copies | 1 |
| Withdrawn status | Lost status | Source of classification or shelving scheme | Damaged status | Not for loan | Home library | Current Library | Shelving location | Date acquired | Total checkouts | Full call number | Barcode | Date last seen | Date last checked out | Copy number | Price effective from | Koha item type |
|---|---|---|---|---|---|---|---|---|---|---|---|---|---|---|---|---|
| Dewey Decimal Classification | GRACE BIBLE COLLEGE | GRACE BIBLE COLLEGE | Church History | 2024-07-03 | 3 | 270 CAP | 017025 | 2025-09-29 | 2025-09-26 | c.1 | 2024-07-03 | Books |